000 00440nam a2200193Ia 4500
005 20250603144600.0
008 250603s9999 xx 000 0 und d
020 _a0415356431
050 _aQK 45.2 .L3/
100 _aLack, Andrew
245 0 _aBIOS instant notes plant biology
250 _a2nd ed.
260 _aNew York
260 _bTaylor&Francis
260 _c2005
300 _a350 p
650 _aNew York
942 _cBK
999 _c39347
_d39347